000 01325nam a2200337 a 4500
001 ebr10718855
003 CaPaEBR
006 m o u
007 cr cn|||||||||
008 150303s2013 inua s 000 0 eng d
020 _z9781118575079
020 _z9781118750322 (e-book)
020 _z9781118744376 (e-book)
020 _z9781118744437 (e-book)
040 _aCaPaEBR
_cCaPaEBR
035 _a(OCoLC)859207814
050 1 4 _aTR897.7
_b.N337 2013eb
082 0 4 _a006.696
_223
100 1 _aNaas, Paul.
245 1 0 _aAutodesk maya 2014
_h[electronic resource] :
_bessentials /
_cPaul Naas.
260 _aIndianapolis, Ind. :
_bSybex ; :
_bAutodesk,
_cc2013.
300 _a1 online resource (xx, 284 p.) :
_bill. (some col.)
533 _aElectronic reproduction.
_bPalo Alto, Calif. :
_cebrary,
_d2015.
_nAvailable via World Wide Web.
_nAccess may be limited to ebrary affiliated libraries.
588 _aDescription based on online resource; title from title page (ebrary, viewed June 28, 2013).
630 0 0 _aMaya (Computer file)
650 0 _aComputer animation.
650 0 _aComputer graphics.
655 7 _aElectronic books.
_2local
710 2 _aebrary, Inc.
856 4 0 _uhttp://site.ebrary.com/lib/rucke/Doc?id=10718855
_zAn electronic book accessible through the World Wide Web; click to view
999 _c28063
_d28063